00262nam a2200097 a 450000500170000000800410001705000170005810000260007524500260010126000370012720140414131926.0101027s19uu xx 00 eng d aERbB96 1989 aPatrick, Denise Lewis aThe busy band parade. aNew York :bGolden Book,c1989.